مكتبة جامعة عجلون الوطنية

فهرس بحث المكتبة

Normal view MARC view
  • تأليف بن سهل العسكري، أبي هلال الحسن بن عبد الله؛ علق علية مفيد قميحة

Entry Personal Name

Number of records used in: 1

001 - CONTROL NUMBER

  • control field: 26580

003 - CONTROL NUMBER IDENTIFIER

  • control field: JO-AjAnu

005 - DATE AND TIME OF LATEST TRANSACTION

  • control field: 20230606074527.0

008 - FIXED-LENGTH DATA ELEMENTS

  • fixed length control field: 230606|| aca||aabn | a|a d

040 ## - CATALOGING SOURCE

  • Original cataloging agency: JO-AjAnu
  • Transcribing agency: JO-AjAnu

100 ## - HEADING--PERSONAL NAME

  • Personal name: تأليف بن سهل العسكري، أبي هلال الحسن بن عبد الله؛ علق علية مفيد قميحة

670 ## - SOURCE DATA FOUND

  • Source citation: Work cat.: (JO-AjAnu)13656: تأليف بن سهل العسكري، أبي هلال الحسن بن عبد الله؛ علق علية مفيد قميحة, author, كتاب الصّناعتين الكتابة والشعر: الكتابة والشعر